000 00322 a2200145 4500
001 167201
020 _a
040 _cMagnum
100 _aCoutinho, Monica de Camargo
240 1 0 _aCoracao de adolescente
_lpor
245 1 0 _aCoracao de adolescente
362 0 _a1899
697 _aJ/ADOLESCENTE, NAMORO
942 _cBK
999 _c167201
_d167201